| 000 | 00454nam a2200145Ia 4500 | ||
|---|---|---|---|
| 008 | 151213s9999 xx 000 0 und d | ||
| 020 | _a984-809019-3 | ||
| 100 | _aUniversity Grant Commission | ||
| 245 |
_aBangladesh University Grant Commission Annual Report 2003 _cUniversity Grant Commission |
||
| 260 |
_aDhaka _bUniversity Grant Commission _c2003 |
||
| 300 | _a4640 p. | ||
| 650 | _aReference | ||
| 700 | _aUniversity Grant Commission | ||
| 999 |
_c2988 _d2988 |
||